000 00560nam a2200241 a 4500
001 nice12345678
003 IN_TiNIC
005 20260116011256.0
008 050524s1957 bosa grp 000 0 eng
020 _a
_c81.9
082 0 0 _a246.55
_bBEV
100 _aBevan, Edwyn
245 _aSymbolism and Belief
260 _aBoston
_bBeacon Press
_c1957
300 _a391p
500 _aincludes index and biblioraphy
505 2 _aIndex
650 _aSymbolism-Christianity
700 1 _aBevan, Edwyn
902 _bSRS
942 _cBK
999 _c91
_d91